| 000 | 00348nam a2200097Ia 4500 | ||
|---|---|---|---|
| 005 | 20250424112935.0 | ||
| 008 | 250424s9999 xx 000 0 und d | ||
| 300 | _av. : ill. ; 26 cm. | ||
| 650 | _aWireless communication systems--Periodicals. Mobile communication systems--Periodicals. Electrical and Electronic Engineering--Periodicals. | ||
| 942 | _cSR | ||
| 999 |
_c37996 _d37996 |
||